00157 a2200073 450000100060000010000180000624500370002426000220006127631 aSyyara digest aSayyara digest(Quran Number III) abSayyar digestc